000 01426 a2200229 4500
001 59602
005 20260407155850.0
008 260407a1967 arg spa d
003 AR-UNSa-BCEJYS
040 _aAR-UNSa-BCEJYS
_bspa
_cAR-UNSa-BCEJYS
080 _a330.34
_xDesarrollo Económico
245 1 0 _aLas condiciones del progreso económico
264 1 _aMadrid :
_bAlianza Editorial
_c1967
300 _a712 p.
_c23 cm.
505 _a1. El alcance del progreso económico - 2. Productos nacionales - 3. Comparaciones internacionales de la renta real <<Per Cápita>> y del producto real por hombre-hora para otros años - 4. Evaluación de la renta nacional real de la Unión Soviética - 5. La productividad en la industria primaria - 6. La productividad en la industria manufacturera - 7. La productividad en la industria de servicios - 8. El consumo de las principales clases de bienes y servicios como una función de la renta real - 9. La distribución de la mano de obra entre las industrias - 10. Rentas relativas y otros factores que determinan la oferta de mano de obra en las diferentes industrias y ocupaciones - 11. Recursos de capital y su acumulación - 12. La distribución de la renta entre factores de producción y entre personas -
041 _aspa
942 _cBK
590 _aniveau_biblio:m niveau_hierar:0
100 1 _aClark, Colin
700 1 _aParedes, Miguel
700 1 _aVergara, José
999 _c6753
_d6753